gminy powiatu warszawskiego zachodniego - Statystyki

Ogólne statystyki
  • Ten quiz został rozwiązany 147 razy
  • Średni wynik to 5 z 7
Odpowiedzi na mapie
Odpowiedzi zakodowano w zielono-czerwonej skali na mapie do tego quizu, zgodnie z poniższymi procentami.
 
Statystyki odpowiedzi
Gmina Odpowiedź % Poprawnych
miejsko-wiejska Ożarów Mazowiecki
82%
miejsko-wiejska Błonie
80%
miejsko-wiejska Łomianki
74%
wiejska Stare Babice
69%
wiejska Izabelin
63%
wiejska Kampinos
63%
wiejska Leszno
63%
Nie znaleziono quizów pasujących do podanych kryteriów
Rozkład punktacji
Procent ludzi z każdym wynikiem
Percentyl według liczby udzielonych odpowiedzi
Twoja historia wyników
Nie rozwiązałeś tego quizu